Normal view MARC view

Entry Topical Term

Number of records used in: 1

001 - CONTROL NUMBER

  • control field: 12349

003 - CONTROL NUMBER IDENTIFIER

  • control field: OSt

005 - DATE AND TIME OF LATEST TRANSACTION

  • control field: 20211105133510.0

008 - FIXED-LENGTH DATA ELEMENTS

  • fixed length control field: 211105|| aca||aabn | a|a d

040 ## - CATALOGING SOURCE

  • Original cataloging agency: OSt
  • Transcribing agency: OSt

150 ## - HEADING--TOPICAL TERM

  • Topical term or geographic name entry element: Solar atmosphere, Solar flares, Solar stellar, Astrophysics,Sunspots, Chromosphere, Solar magnetic field, Radiative transfer, nonthermal phenomena

670 ## - SOURCE DATA FOUND

  • Source citation: Work cat.: (OSt): Jordan, S. 12348, The sun as a star, 1981

Powered by Koha